Nommés au César du meilleur acteur - Statistiques

Statistiques générales
  • Ce quiz a été pris 3 838 fois
    1 134 depuis la dernière actualisation
  • Le résultat moyen est 33 sur 108
Statistiques - réponses
Année Acteur % Correct
2007 Jean Dujardin
81%
1976 Gérard Depardieu
80%
2012 Omar Sy
73%
2015 Pierre Niney
68%
1994 Christian Clavier
65%
1977 Alain Delon
63%
1989 Jean-Paul Belmondo
63%
1996 François Cluzet
60%
2015 Guillaume Canet
58%
1992 Gérard Jugnot
57%
1994 Jean Reno
57%
2002 Vincent Cassel
57%
1987 Daniel Auteuil
56%
1987 Michel Blanc
56%
1984 Coluche
54%
1978 Jean Rochefort
54%
1993 Claude Rich
50%
1976 Philippe Noiret
50%
1996 Alain Chabat
48%
1977 Michel Galabru
46%
1999 Jacques Villeret
45%
2000 Jean-Pierre Bacri
44%
1979 Michel Serrault
44%
1987 André Dussollier
42%
1979 Claude Brasseur
41%
2015 Gaspard Ulliel
40%
1980 Yves Montand
40%
1983 Gérard Lanvin
39%
1989 Richard Anconina
38%
1976 Jean-Pierre Marielle
37%
1983 Lino Ventura
36%
1977 Patrick Dewaere
36%
1993 Vincent Lindon
35%
1995 Jean-Louis Trintignant
34%
2006 José Garcia
34%
2006 Romain Duris
34%
2014 Guillaume Gallienne
33%
1982 Michel Piccoli
33%
2013 Patrick Bruel
33%
2020 Roschdy Zem
33%
2010 Tahar Rahim
33%
2004 Bruno Todeschini
32%
2003 Mathieu Kassovitz
32%
1994 Pierre Arditi
32%
2005 Benoît Poelvoorde
31%
1986 Lambert Wilson
31%
2005 Mathieu Amalric
31%
1993 Richard Berry
31%
2000 Albert Dupontel
30%
1986 Christophe Lambert
30%
2004 Gad Elmaleh
29%
2003 François Berléand
28%
1992 Jacques Dutronc
28%
1989 Jean-Marc Barr
28%
1999 Jean-Pierre Darroussin
28%
1991 Fabrice Luchini
27%
2003 Bernard Campan
26%
2002 Michel Bouquet
26%
1979 Jean Carmet
25%
1987 Jean-Hugues Anglade
25%
1988 Richard Bohringer
25%
2003 Adrien Brody
24%
2001 Bernard Giraudeau
24%
1997 Charles Berling
24%
1994 Michel Boujenah
24%
1997 Patrick Timsit
24%
1983 Philippe Léotard
24%
2015 Vincent Lacoste
24%
1999 Antoine de Caunes
23%
2015 François Damiens
23%
1997 Philippe Torreton
22%
2012 Sami Bouajila
22%
2011 Eric Elmosnino
21%
2015 Niels Arestrup
21%
2001 Sergi Lopez
21%
1976 Victor Lanoux
21%
1984 Alain Souchon
20%
2009 Jacques Gamblin
19%
2010 Yvan Attal
19%
2012 Denis Podalydès
18%
1990 Hippolyte Girardot
18%
2013 Jérémie Renier
18%
2004 Omar Sharif
18%
2009 François-Xavier Demaison
17%
1999 Pascal Greggory
17%
1978 Charles Denner
15%
1987 Christophe Malavoy
15%
2014 Grégory Gadebois
15%
2006 Patrick Chesnais
15%
2019 Gilles Lellouche
13%
2012 Olivier Gourmet
13%
1986 Robin Renucci
13%
1985 Louis Ducreux
12%
2017 Nicolas Duvauchelle
10%
2019 Alex Lutz
9%
2013 Denis Lavant
9%
2002 Eric Caravaca
9%
2014 Mads Mikkelsen
9%
2018 Swann Arlaud
9%
2018 Louis Garrel
8%
2019 Pio Marmaï
8%
2019 Denis Ménochet
7%
2019 Edouard Baer
7%
2018 Reda Kateb
7%
2020 Melvil Poupaud
5%
2020 Damien Bonnard
4%
2016 Pierre Deladonchamps
4%
2016 Antonythasan Jesuthasan
3%
Aucun quiz correspondant
Distribution des résultats
% des personnes avec chaque résultat
Percentile par nombre de réponses
Votre historique - résultats
Vous n’avez pas pris ce quiz depuis la dernière actualisation